Catalog

Record Details

Catalog Search



The Baxters : a prequel  Cover Image Large Print Book Large Print Book

The Baxters : a prequel / Karen Kingsbury.

Kingsbury, Karen, (author.).

Summary:

"A storm builds as Elizabeth Baxter prepares to celebrate her daughter Kari's wedding to Tim Jacobs, and there are dark currents of conflict coursing through the Baxter family. In the midst of them, Kari Baxter is starting to panic. Is marrying Tim a mistake? And what about her family? Her brother Luke is angry and resentful of their sister Ashley, who has recently returned from Paris. At the same time, Ashley and their sister Brooke have lost the faith that is the family's glue. When the storm reaches a terrifying crescendo, a shocking moment of danger brings important truths to light. At the end of the long day, can the Baxters remain a family, tested but stronger?"-- Back cover.

Record details

  • ISBN: 9781432896607
  • ISBN: 1432896601
  • Physical Description: 409 pages (large print) ; 23 cm.
  • Edition: Large print edition.
  • Publisher: Waterville, ME : Wheeler Publishing, a part of Gale, a Cengage Company, 2022.

Content descriptions

General Note:
Series numeration from goodreads.com.
Includes discussion questions (pages 389-392).
"Soon to be a TV series"--Dust jacket, regular print edition.
Subject: Weddings > Fiction.
Storms > Fiction.
Families > Fiction.
Brothers and sisters > Fiction.
Christian life > Fiction.
Bloomington (Ind.) > Fiction.
Genre: Religious fiction.
Domestic fiction.
Novels.

Available copies

  • 1 of 1 copy available at scottsboropl.

Holds

  • 0 current holds with 1 total copy.
Show Only Available Copies
Location Call Number / Copy Notes Barcode Shelving Location Status Due Date
scottsboropl F Kin 32269001205031 Adult - Fiction Available -

LDR 04116cam a2200793Ii 4500
001158614
003SBPL
00520220614212544.0
008220128t20222022meu ed 000 1 eng d
020 . ‡a9781432896607 ‡q(large print) ‡q(hardcover)
020 . ‡a1432896601 ‡q(large print) ‡q(hardcover)
035 . ‡a(OCoLC)1296026499
05014. ‡aPS3561.I4873 ‡bB395 2022b
08204. ‡a813/.6 ‡223/eng/20220420
1001 . ‡aKingsbury, Karen, ‡eauthor.
24514. ‡aThe Baxters : ‡ba prequel / ‡cKaren Kingsbury.
24630. ‡aBaxters, a prequel : ‡bwhere the Baxter family begins...
250 . ‡aLarge print edition.
264 1. ‡aWaterville, ME : ‡bWheeler Publishing, a part of Gale, a Cengage Company, ‡c2022.
300 . ‡a409 pages (large print) ; ‡c23 cm.
336 . ‡atext ‡btxt ‡2rdacontent
337 . ‡aunmediated ‡bn ‡2rdamedia
338 . ‡avolume ‡bnc ‡2rdacarrier
340 . ‡nlarge print (16 point) ‡2rda
4901 . ‡aBaxter family ; ‡vbook 0
500 . ‡aSeries numeration from goodreads.com.
500 . ‡aIncludes discussion questions (pages 389-392).
500 . ‡a"Soon to be a TV series"--Dust jacket, regular print edition.
520 . ‡a"A storm builds as Elizabeth Baxter prepares to celebrate her daughter Kari's wedding to Tim Jacobs, and there are dark currents of conflict coursing through the Baxter family. In the midst of them, Kari Baxter is starting to panic. Is marrying Tim a mistake? And what about her family? Her brother Luke is angry and resentful of their sister Ashley, who has recently returned from Paris. At the same time, Ashley and their sister Brooke have lost the faith that is the family's glue. When the storm reaches a terrifying crescendo, a shocking moment of danger brings important truths to light. At the end of the long day, can the Baxters remain a family, tested but stronger?"-- ‡cBack cover.
650 0. ‡aWeddings ‡vFiction.
650 0. ‡aStorms ‡vFiction.
650 0. ‡aFamilies ‡vFiction.
650 0. ‡aBrothers and sisters ‡vFiction.
650 0. ‡aChristian life ‡vFiction.
651 0. ‡aBloomington (Ind.) ‡vFiction.
655 7. ‡aReligious fiction. ‡2lcgft
655 7. ‡aDomestic fiction. ‡2lcgft
655 7. ‡aNovels. ‡2lcgft
8001 . ‡aKingsbury, Karen. ‡tBaxter family.
901 . ‡a158614 ‡b ‡c158614 ‡tbiblio

Additional Resources